Famous Belfastards - Statistics

General Stats
  • This quiz has been taken 383 times
  • The average score is 7 of 23
Answer Stats
Hint Answer % Correct
Alcoholic football legend George Best
98%
Hunger striker Bobby Sands
77%
Tiger's Bay Boxer Carl Frampton
58%
Narnian C.S. Lewis
50%
Centre half for Man Utd Jonny Evans
48%
The Hurricane in snooker Alex Higgins
47%
City's most successful musician Van Morrison
47%
TD for Louth Gerry Adams
41%
Olympic gold winning athlete Dame Mary Peters
33%
Ex-President of Ireland Mary McAleese
32%
Irritating Sky News presenter Eamonn Holmes
29%
DJ who owns The Menagerie David Holmes
21%
9 Million Bicycles singer, grew up here Katie Melua
18%
Stage and film actor Sir Kenneth Branagh
17%
Nobel Peace Prize winner David Trimble
16%
Coached at Arsenal for 28 years Pat Rice
16%
'Alternative Ulster' Stiff Little Fingers
16%
Late Thin Lizzy guitarist Gary Moore
14%
Godfather of Punk Terri Hooley
10%
Ex-President of Israel Chaim Herzog
6%
Quantum Physicist John Stewart Bell
5%
Very bearded poet Michael Longley
3%
Artist known for portraits Sir John Lavery
1%
No matching quizzes found
Score Distribution
Percent of People with Each Score
Percentile by Number Answered
Your Score History
You have not taken this quiz